000 00612cab a2200229 4500
001 X256
008 090401t1992 xxu||||| |||| 00| 0 eng d
035 _a(Sirsi) u97697
041 _aeng
100 _aWeatherhead, P.
245 _aReview of the CPD cassette
260 _c1992
350 _a0
490 _aCS Monthly : Planning and Development bulletin
_v2(3) November 1992, 7(1)
650 _aCONTINUING PROFESSIONAL DEVELOPMENT
650 _aOWLION
650 _aPLANNING APPEALS
650 _aPLANNING APPLICATIONS
690 _aPLANNING LAW AND PRACTICE
942 _n0
948 _c04/03/1997
999 _c59653
_d59653